LIBRARY & INFORMATION CENTRE, KCAET, TAVANUR

ONLINE PUBLIC ACCESS CATALOGUE (OPAC)

Engineering mechanics / (Record no. 9314)

MARC details
000 -LEADER
fixed length control field 00497cam a2200205ua 4500
041 ## - LANGUAGE CODE
Language code of text/sound track or separate title eng
082 ## - DEWEY DECIMAL CLASSIFICATION NUMBER
Classification number 620.101
Item number JUN/EN
100 ## - MAIN ENTRY--AUTHOR NAME
Personal name Junnarkar, S B.
245 ## - TITLE STATEMENT
Title Engineering mechanics /
250 ## - EDITION STATEMENT
Edition statement 1 /
260 ## - PUBLICATION, DISTRIBUTION, ETC. (IMPRINT)
Place of publication New Delhi,Tulsi :
Name of publisher Charotar book stall ,
Year of publication 1966.
300 ## - PHYSICAL DESCRIPTION
Number of Pages 300 ; .
942 ## - ADDED ENTRY ELEMENTS (KOHA)
Koha item type Books
Holdings
Withdrawn status Lost status Damaged status Home library Current library Date acquired Full call number Accession Number Koha item type
Withdrawn   Damaged KAUAET KAUAET 07/04/2012 620.101 JUN/EN 13422 Books
      KAUAET KAUAET 07/04/2012 620.101 JUN/EN 12229 Books
Withdrawn   Damaged KAUAET KAUAET 07/04/2012 620.101 JUN/EN 12857 Books
free website counter